Z jakiego klubu przeszedł ten zawodnik (piłka nożna) - Statystyki

Ogólne statystyki
  • Ten quiz został rozwiązany 11 186 razy
  • Średni wynik to 8 z 15
Statystyki odpowiedzi
Piłkarz Klub po transferze Klub przed transferem % Poprawnych
Kylian Mbappe Paris-Saint Germain AS Monaco
92%
Henrikh Mkhitaryan Arsenal Londyn Manchester United
74%
Paul Pogba Juventus FC Manchester United
74%
Jakub Błaszczykowski Borussia Dortmund (2007) Wisła Kraków
73%
Shinji Kagawa Manchester United Borussia Dortmund
63%
Antoine Griezmann Atletico Madryt Real Sociedad
58%
Krzysztof Piątek Genoa FC Cracovia
56%
Jan Bednarek FC Southampton Lech Poznań
55%
Philippe Coutinho FC Liverpool Inter Mediolan
42%
Eden Hazard Chelsea FC Lille
40%
Stephan El Shaarawy AS Roma Ac Milan
39%
Roberto Firmino FC Liverpool Hoffenheim
34%
Marco Reus Borussia Dortmund Borussia Monchengladbach
33%
Mohamed Salah AS Roma Chelsea FC
23%
Vincent Kompany Manchester City Hamburger SV
10%
Nie znaleziono quizów pasujących do podanych kryteriów
Rozkład punktacji
Procent ludzi z każdym wynikiem
Percentyl według liczby udzielonych odpowiedzi
Twoja historia wyników
Nie rozwiązałeś tego quizu